000 00516nam a2200169Ia 4500
003 OSt
005 20260125113305.0
008 241202s9999 xx 000 0 und d
040 _c0
100 _aAgarwal, Kuhu
245 0 _aDeciphering the dynamics of government outsourcing to consultancies /
_bKuhu Agarwal
260 _aBangalore :
_bNLSIU,
_c2023.
300 _a60 p. :
_c24 cm.
700 _aProf. Sony Pellissery - Supervisor
856 _uhttps://dans.nls.ac.in/handle/123456789/2150
942 _cDIS
_2ddc
999 _c213201
_d213201